Library of the University of Algiers 3
Ibrahim Sultan Cheibout
شعار جامعة الجزائر 3
مكتبة جامعة الجزائر 3
إبراهيم سلطان شيبوط

تحليل وتصميم النظم : (رقم التسجيلة. 42628)

تفاصيل مارك
000 -LEADER
fixed length control field 01510nam a2200253Ia 4500
003 - CONTROL NUMBER IDENTIFIER
control field Ost
005 - DATE AND TIME OF LATEST TRANSACTION
control field 20260507075050.0
008 - FIXED-LENGTH DATA ELEMENTS--GENERAL INFORMATION
fixed length control field 260507s9999||||xx |||||||||||||| ||und||
020 ## - INTERNATIONAL STANDARD BOOK NUMBER
International Standard Book Number 9960245209
040 ## - CATALOGING SOURCE
Transcribing agency fsecg
041 ## - LANGUAGE CODE
Language code of text/sound track or separate title ara
100 ## - MAIN ENTRY--PERSONAL NAME
Personal name كيندال، بيني
Relator term مؤلف
245 #0 - TITLE STATEMENT
Title تحليل وتصميم النظم :
Remainder of title منهج مهيكل /
Statement of responsibility, etc. بيني كيندال
260 ## - PUBLICATION, DISTRIBUTION, ETC.
Place of publication, distribution, etc. الرياض:
Name of publisher, distributor, etc. دار المريخ للنشر,
Date of publication, distribution, etc. 2002
300 ## - PHYSICAL DESCRIPTION
Extent 797 صفحة؛
Other physical details إيضاحات ؛
Dimensions 24 سم
504 ## - BIBLIOGRAPHY, ETC. NOTE
Bibliography, etc. note كشاف مصطلحات ص. 755 الملاحق ص. 631
520 ## - SUMMARY, ETC.
Summary, etc. المفاهيم-التحليل-مرحلة التحليل-أساليب جمع الحقائق-قاموس البيانات-رسومات تدفق البيانات-وصف العملية-تعريف قاعدة البيانات-نمذجة النظام-إتمام مرحلة التحليل-التصميم-مرحلة التصميم-خرائط الهيكل-منهجية التصميم-السطح البيني للمستخدم-إتمام مرحلة التصميم-التشييد والصيانة-الأنشطة الكاملة لدورة الحياة-تخطيط المشروع،ومراقبته-الاتصالات ما بين الأفراد
653 ## - INDEX TERM--UNCONTROLLED
Uncontrolled term البيانات
653 ## - INDEX TERM--UNCONTROLLED
Uncontrolled term تصميم النظم
653 ## - INDEX TERM--UNCONTROLLED
Uncontrolled term معالجة آلية
700 ## - ADDED ENTRY--PERSONAL NAME
Personal name سرور، علي إبراهيم سرور
Relator term مؤلف ثانوي
700 ## - ADDED ENTRY--PERSONAL NAME
Personal name عبد الرحمن، محمد يحي
Relator term مؤلف ثانوي
942 ## - ADDED ENTRY ELEMENTS (KOHA)
Koha item type كتب
المقتنيات
Withdrawn status Lost status Source of classification or shelving scheme Damaged status Not for loan Home library Current library Date acquired Serial enumeration / chronology Inventory number Total checkouts Full call number Barcode Date last seen Price effective from Koha item type
    Dewey Decimal Classification   NOT LOAN / إعارة داخلية مكتبة كلية العلوم الإقتصادية والعلوم التجارية وعلوم التسيير مكتبة كلية العلوم الإقتصادية والعلوم التجارية وعلوم التسيير 07/05/2026 الطابق الأرضي 489/1   أ/489ن1 489/1 07/05/2026 07/05/2026 كتب
    Dewey Decimal Classification   Available مكتبة كلية العلوم الإقتصادية والعلوم التجارية وعلوم التسيير مكتبة كلية العلوم الإقتصادية والعلوم التجارية وعلوم التسيير 07/05/2026 الطابق الأرضي 489/2   أ/489ن2 489/2 07/05/2026 07/05/2026 كتب
    Dewey Decimal Classification   Available مكتبة كلية العلوم الإقتصادية والعلوم التجارية وعلوم التسيير مكتبة كلية العلوم الإقتصادية والعلوم التجارية وعلوم التسيير 07/05/2026 الطابق الأرضي 489/3   أ/489ن3 489/3 07/05/2026 07/05/2026 كتب
    Dewey Decimal Classification   Available مكتبة كلية العلوم الإقتصادية والعلوم التجارية وعلوم التسيير مكتبة كلية العلوم الإقتصادية والعلوم التجارية وعلوم التسيير 07/05/2026 الطابق الثاني 489/4   أ/489ن4 489/4 07/05/2026 07/05/2026 كتب

موارد الويب المفتوحة


© University of Algiers 3 All Rights Reserved
|
Implemented by LECHELAH Riad